| 000 | 00509nam a2200181Ia 4500 | ||
|---|---|---|---|
| 008 | 240925s9999 xx 000 0 und d | ||
| 020 | _a9780071475785 | ||
| 082 | _a621.3822 MCM | ||
| 100 | _aMcmahon, David | ||
| 245 | 0 | _aSignal and Systems Demystified | |
| 250 | _aNA | ||
| 260 |
_aNew Delhi: _bMcGraw Hill Education (India) Private Limited _c,2007. |
||
| 300 |
_axiv, 326p. _b0 _fOriginal |
||
| 500 | _aIncludes Index | ||
| 600 | _aTelecommunication Engineering | ||
| 650 | _aTechnology | ||
| 942 | _cBK | ||
| 999 |
_c12517 _d12517 |
||